| 000 | 01189nam a22002537a 4500 | ||
|---|---|---|---|
| 005 | 20170124103207.0 | ||
| 010 | _aA-812227 | ||
| 020 |
_c35.00 _a818546958 |
||
| 035 | _aA-812227 | ||
| 037 | _bCen Lib/Ret | ||
| 040 |
_aDPL _bHN |
||
| 082 |
_a954.0841 _bसक्सेना |
||
| 100 |
_aसक्सेना, प्रदीप _994392 |
||
| 245 |
_aअठारह सौ सत्तावन और भारतीय नवजागरण / _cप्रदीप सक्सेना |
||
| 246 |
_aAtharah sau sattavan aur bharatiye navgaagran / _bby Pradeep Saxena |
||
| 260 |
_aहरियाणा _bआधार प्रकाशन _c1994 |
||
| 270 |
_a372/सेक्टर-17 पंचकुला _bहरियाणा _e134109 |
||
| 300 |
_a476पृ. _c20सेमी(सजिल्द) |
||
| 650 |
_aइतिहास दर्शन और ऐतिहासिक दायित्व _994394 |
||
| 650 |
_aभारतीय पुनर्जागरण _994395 |
||
| 650 |
_aHistory, philosophy and historical obligation _994396 |
||
| 650 |
_aIndian Renaissance _93612 |
||
| 942 |
_2ddc _cHN _h954.0841 _mसक्सेना |
||
| 999 |
_c121080 _d121080 |
||